Combat aircraft of World War II 1940-1941

Bibliographic Details
Main Author: Angelucci, Enzo
Other Authors: Matri Cardi, Paolo
Format: Book
Published: London : Salamader Book , 1988
Subjects:

MARC

LEADER 00000cam a2200000 7i4500
001 0000002837
002 000003069
005 20000330.0
020 |a 086101472X 
090 0 0 |a 358.4183   |b ANG 
100 1 |a Angelucci, Enzo 
245 1 0 |a Combat aircraft of World War II 1940-1941   |c Enzo Angelucci and Paolo Matri Cardi 
260 |a London :   |b Salamader Book ,   |c 1988 
300 |a 62p. :   |b ill. ;   |c 37cm. 
650 0 0 |a Air warfare 
650 0 0 |a Airplanes, Military   |x World War II 
700 1 |a Matri Cardi, Paolo 
999 |a 035162   |b BUKU   |c RUJUKAN   |e PERPUSTAKAAN KOMUNITI PETALING JAYA 
999 |a 035163   |b BUKU   |c PINJAMAN   |e PERPUSTAKAAN KOMUNITI PETALING JAYA